| 000 | 00402nam a2200145Ia 4500 | ||
|---|---|---|---|
| 008 | 231129s1997||||xx |||||||||||||| ||spa|| | ||
| 020 | _a958-30-0357-3 | ||
| 040 | _bspa | ||
| 082 | _aCo863 M828v | ||
| 100 | _aMorales Aguilar Alvaro | ||
| 245 | 0 | _aVida y asombros de Don Ruma | |
| 260 | _c1997 | ||
| 264 | _aBogotá Colombia : Panamericana | ||
| 942 |
_2ddc _cBKS |
||
| 999 |
_c26289 _d26289 |
||